000 00714nam a2200289Ia 4500
008 180803s9999 xx 000 0 und d
020 _a9780439512756
050 _bL847 2002
100 _aLondon, Jonathan
245 0 _aFroggy plays in the band /
245 0 _cby Jonathan London ; illustrated by Frank Remkiewicz.
260 _aNew York, New York :
260 _bScholastic,
260 _c2002
300 _aunpaged :
300 _bcolored ;
300 _c20cm.
500 _a190
650 _aAnimals --
650 _aBands (Music).
650 _aContests.
650 _aMarching bands.
650 _aParades.
650 _xFrogs.
700 _aRemkiewics, Frank.
700 _aTitle.
999 _c358293
_d358293